| 000 | 00565cam a2200169 a 4500 | ||
|---|---|---|---|
| 020 | _a9781620812433 (hardcover) | ||
| 050 | 0 | 0 |
_aRC 1230 _b.P 4785 |
| 100 | _aGrace Fergal | ||
| 245 | 0 | 0 |
_aPerspectives on anabolic androgenic steroids (AAS) and doping in sport and health / _cFergal Grace and Julien S. Baker, editors. |
| 260 |
_aNew York : _bNova Science Publishers, _cc2012. |
||
| 300 | _ax, 189 p. : | ||
| 650 | 0 |
_xHealth aspects. _bAnabolic steroids |
|
| 650 | 0 | _bDroping in sports | |
| 700 | 1 | _aGrace, Fergal. | |
| 700 | 1 | _aBaker, Julien. | |
| 942 |
_2lcc _cGEN |
||
| 999 |
_c14819 _d14819 |
||